Ballon d'Or - classement 2021 - Statistiques

Statistiques générales
  • Ce quiz a été pris 58 fois
  • Le résultat moyen est 25 sur 30
Statistiques - réponses
Poste Club Nationalité Rang Réponse % Correct
Attaquant Paris Saint-Germain France 9 Kylian Mbappé
100%
Attaquant Paris Saint-Germain Argentine 1 Lionel Messi
100%
Attaquant Manchester United Portugal 6 Cristiano Ronaldo
98%
Attaquant Real Madrid France 4 Karim Benzema
98%
Milieu Manchester City Belgique 8 Kevin De Bruyne
98%
Attaquant Liverpool Egypte 7 Mohamed Salah
98%
Attaquant Bayern Munich Pologne 2 Robert Lewandowski
98%
Attaquant Borussia Dortmund Norvège 11 Erling Haaland
96%
Gardien Paris Saint-Germain Italie 10 Gianluigi Donnarumma
96%
Milieu Chelsea France 5 N'Golo Kanté
96%
Attaquant Paris Saint-Germain Brésil 16 Neymar
94%
Milieu Manchester City Algérie 20 Riyad Mahrez
92%
Milieu Chelsea Italie 3 Jorginho
90%
Milieu Real Madrid Croatie 30 Luka Modrić
90%
Milieu Manchester United Portugal 21 Bruno Fernandes
88%
Attaquant Tottenham Angleterre 23 Harry Kane
88%
Attaquant Chelsea Belgique 12 Romelu Lukaku
86%
Milieu FC Barcelone Espagne 24 Pedri
84%
Attaquant Atlético Madrid Uruguay 17 Luis Suárez
82%
Milieu Manchester City Angleterre 25 Phil Foden
82%
Attaquant Inter Milan Argentine 22 Lautaro Martínez
80%
Défenseur Juventus Italie 14 Leonardo Bonucci
80%
Défenseur Manchester City Portugal 27 Rúben Dias
78%
Défenseur Juventus Italie 13 Giorgio Chiellini
74%
Milieu Inter Milan Italie 26 Nicolò Barella
70%
Attaquant Manchester City Angleterre 15 Raheem Sterling
64%
Défenseur Chelsea Espagne 29 César Azpilicueta
62%
Défenseur AC Milan Danemark 18 Simon Kjær
62%
Milieu Chelsea Angleterre 19 Mason Mount
52%
Attaquant Villarreal CF Espagne 28 Gerard Moreno
46%
Aucun quiz correspondant
Distribution des résultats
% des personnes avec chaque résultat
Percentile par nombre de réponses
Votre historique - résultats
Vous n’avez pas pris ce quiz